1516 1008 1803 1788 1604 1805 1031 1218 1394 1596 1480 1474 1870 1615 1662 1299 1994 1857 1173 1166 1175 1592 1842 1240 1872 1388 1082 1244 1082 1901 1407 1924 1507 1197 1423 1457 1334 1806 1860 1412 1883 1083 1664 1918 1186 1491 1016 1995 1194 1204 1555 1216 1711 1065 1067 1302 1279 1915 1714 1689 1649 1494 1594 1189 1681 1405 1054 1125 1643 1335 1669 1660 1023 1891 1406 1638 1759 1721 1620 1141 1303 1536 1168 1122 1853 1522 1096 1470 1756 1858 1940 1217 1626 1052 1849 1546 1742 1510 1743 BCNSPRNW ULIB Ver.6.0+V

เปลี่ยนเป็นภาษาไทย

Change to English
 แสดงรายละเอียดบรรณานุกรม
  กลับหน้าหลัก

Brief Record : Get Marc (ISO 2709) : E-mail record : QR code < ปิดหน้าต่าง
LEADER : 00000nam 2200000uu 4500
001    13399114958
003     ULIB
008    110627s2550||||th 000 0 tha d
090    รส.^bว617ฝ
245 00 ฝนตกขึ้นฟ้า/^c
260    กรุงเทพฯ :^b,^c2550
300     หน้า
945    ^p0^l0^i021036
995    ทศพร
999 ^a ใช้งานได้ทุกระบบ
รายการนี้ยังไม่มีแท็ก
คุณยังไม่ได้ล็อกอิน คุณสามารถมีกิจกรรมร่วมกับเว็บไซต์ได้ แต่ต้องล็อกอินก่อน ::
  ล็อกอิน

รายการสื่อสารสนเทศ

ลำดับที่ ประเภท เลขเรียก/บาร์โค้ด สถานที่ สถานะ
1. นวนิยาย
นวนิยาย
รส. ว617ฝ ฉ.1 
  Barcode: 021036
ห้องสมุดวิทยาเขตสวรรค์ประชารักษ์
►นวนิยาย
บนชั้น
  ขอยืม

BibComment


ยังไม่เคยถูกคอมเมนท์

คอมเมนท์ทรัพยากรรายการนี้
  คอมเมนท์: ฝนตกขึ้นฟ้า


 Copyright 2026. Bcnsprnw @Library